| Tag |
First Indicator |
Second Indicator |
Subfields |
| LEADER |
00000cam a2200000 i 4500 |
| 001 |
in00004095708 |
| 005 |
20200729072415.0 |
| 008 |
190729t20202020nyua b 001 0 eng |
| 010 |
|
|
|a 2019032685
|
| 020 |
|
|
|a 9781501748653
|q hardcover
|
| 020 |
|
|
|a 1501748653
|q hardcover
|
| 020 |
|
|
|z 9781501748677
|q electronic book
|
| 020 |
|
|
|z 9781501748660
|q electronic book
|
| 035 |
|
|
|a (OCoLC)on1111639659
|
| 040 |
|
|
|a DLC
|e rda
|c DLC
|d UtOrBLW
|
| 049 |
|
|
|a TXAM
|
| 050 |
0 |
0 |
|a HV696.F6
|b S39 2020
|
| 082 |
0 |
0 |
|a 363.8/83
|2 23
|
| 100 |
1 |
|
|a Scott-Smith, Tom,
|d 1980-
|e author.
|0 http://id.loc.gov/authorities/names/no2014132194
|
| 245 |
1 |
0 |
|a On an empty stomach :
|b two hundred years of hunger relief /
|c Tom Scott-Smith.
|
| 264 |
|
1 |
|a Ithaca, New York :
|b Cornell University Press,
|c [2020]
|
| 264 |
|
4 |
|c ©2020
|
| 300 |
|
|
|a xviii, 268 pages :
|b illustrations ;
|c 24 cm.
|
| 336 |
|
|
|a text
|b txt
|2 rdacontent
|
| 337 |
|
|
|a unmediated
|b n
|2 rdamedia
|
| 338 |
|
|
|a volume
|b nc
|2 rdacarrier
|
| 504 |
|
|
|a Includes bibliographical references and index.
|
| 505 |
0 |
|
|a Introduction : humanitarian approaches to hunger -- From the classical soup kitchen to the Irish famine -- Justus Liebig and the rise of nutritional science -- Governing the diet in Victorian institutions -- Colonialism and communal strength -- Social nutrition at the League of Nations -- Military feeding during World War Two -- The medicalization of hunger and the postwar period -- High modernism and the development decade -- Low modernism after Biafra -- Small-scale devices and the low modernist legacy -- Conclusion : on an empty stomach.
|
| 520 |
|
|
|a This book examines the practical techniques humanitarians have used to manage and measure starvation, from Victorian soup kitchens to space-age, high-protein foods. Tracing the evolution of these techniques since the start of the nineteenth century, the book argues that humanitarianism is not a simple story of progress and improvement, but is profoundly shaped by sociopolitical conditions.
|
| 650 |
|
0 |
|a Food relief
|x History.
|
| 650 |
|
0 |
|a Humanitarian assistance
|x History.
|
| 650 |
|
0 |
|a Starvation
|x History.
|
| 650 |
|
0 |
|a Emergency mass feeding
|x History.
|
| 650 |
|
0 |
|a Nutrition
|x Research
|x History.
|
| 945 |
|
|
|b 423116
|
| 947 |
|
|
|a A14850785685
|
| 948 |
|
|
|a cataloged
|b h
|c 2020/6/3
|d c
|e dmitchel
|f 8:30:20 am
|
| 994 |
|
|
|a 92
|b TXA
|
| 999 |
f |
f |
|s a7d7290b-d765-3957-8900-7ad08627a3e0
|i 919b1826-2768-3d04-a86f-5d32d14eadc4
|t 0
|
| 952 |
f |
f |
|p normal
|a Texas A&M University
|b College Station
|c Sterling C. Evans Library
|d Evans: Library Stacks
|t 0
|e HV696.F6 S39 2020
|h Library of Congress classification
|i unmediated -- volume
|m A14850785685
|
| 998 |
f |
f |
|a HV696.F6 S39 2020
|t 0
|l Evans: Library Stacks
|